| 000 | 00803nam a2200241 a 4500 | ||
|---|---|---|---|
| 001 | 62796 | ||
| 003 | BD-RjUL | ||
| 005 | 20211209081125.0 | ||
| 008 | 170125s1919 enk 000 0 eng d | ||
| 035 | _a(BD-RjUL)62924 | ||
| 040 |
_aANL _beng _cANL _dBD-RjUL |
||
| 041 | _aeng | ||
| 082 | 0 | 4 |
_a839.82372 _223 _bBOG 1919 |
| 100 | 1 |
_aBojer, Johan _d1872-1959. _9186664 |
|
| 245 | 1 | 4 |
_aThe great hunger / _cJohan Bojer ; translated from the Norwegian by W. J. Alexander Worster and C. Archer. |
| 260 |
_aLondon : _bHodder and Stoughton, _c1919 |
||
| 300 |
_a316 p. ; _c19 cm. |
||
| 600 |
_aWorster, W. J. Alexander _q(William John Alexander) _d1882-1929 _9186669 |
||
| 650 |
_aNorwegian fiction _9186666 |
||
| 700 |
_aWorster, W. J. Alexander _9186667 |
||
| 700 |
_aArcher, C. _9186668 |
||
| 942 |
_2ddc _cBK |
||
| 999 |
_c62796 _d62796 |
||